Datum a čas kvízu

20.5 Celkem bodů Celkový počet nahraných bodů na tomto kvízu bez doplňovacích otázek.
12. Pořadí na kvízu Konečné umístění týmu na tomto kvízu.

Zaznamenané odpovědi

# Otázka Odpověď Body Výsledky
1. Jistou ulici v Praze někdo min... Ruská 0
2. Letadlo ruského ministra zahra... v Brazílii 0
3. Letošní vyhlášení tuzemských k... Muriel 1
4. Japonští vědci minulý týden oz... ze dřeva 1
5. 34letý trojnásobný mistr světa... Peter Sagan 0
6. Součástí televizního programu... Hodina pravdy 0
7. Která veřejně známá osobnost z... Ladislav Zibura 0
8. Mezi lety 1996 až 2006 vysílal... Videostop 0
9. V dnešní době je velmi populár... čtyřikrát 0
10. Kdo z uvedených nikdy nemodero... D 0